| 000 | 00879nam a2200265 i 4500 | ||
|---|---|---|---|
| 001 | bg | ||
| 100 | 1 |
_aKaczmarek, Jacek _c(nauki techniczne). |
|
| 245 | 1 | 0 |
_aZwalczanie drgań i hałasu : _bpodstawy teoretyczne / _cJacek Kaczmarek ; [Wyższa Szkoła Morska w Szczecinie]. |
| 260 |
_aSzczecin : _bWSM, _c2002. |
||
| 300 |
_a222, [1] s. : _bil. ; _c24 cm. |
||
| 504 | _aBibliogr., wykaz aktów prawnych. | ||
| 650 | 9 |
_aDrgania _xwpływ na zdrowie |
|
| 650 | 9 |
_aDrgania _xzapobieganie i zwalczanie |
|
| 650 | 9 |
_aHałas _xwpływ na zdrowie |
|
| 650 | 9 |
_aHałas _xzapobieganie i zwalczanie |
|
| 655 | _aPodręczniki akademickie | ||
| 710 | 0 | _aWyższa Szkoła Morska (Szczecin) | |
| 020 | _a8386494832 | ||
| 040 | _cBPK | ||
| 041 | 0 | _apol | |
| 080 | _a628.517.2:534.8:613.6](075.8) | ||
| 920 | _a83-86494-83-2 | ||
| 942 | _cKS | ||
| 008 | s pl f |000 0 pol | ||
| 999 |
_c44485 _d44485 |
||
| 856 |
_uhttp://koha.tu.koszalin.pl/cgi-bin/koha/opac-detail.pl?biblionumber=44485 _yKatalog online BPK |
||